La psicología escolar
Enregistré dans:
| Auteur principal: | |
|---|---|
| Format: | Livre |
| Langue: | espagnol |
| Publié: |
Ciudad de México
Fondo de Cultura Económica
1985
|
| Collection: | Breviarios del Fondo del Cultura Económica, 393
|
| Sujets: | |
| Tags: |
Ajouter un tag
Pas de tags, Soyez le premier à ajouter un tag!
|
MARC
| LEADER | 00000nam a2200000 a 4500 | ||
|---|---|---|---|
| 001 | UCW5509 | ||
| 003 | CL-VaPUC | ||
| 008 | 910510e19850000MX |||||||||||||||||spa|d | ||
| 082 | 0 | 4 | |a 370.15 |b CAG |2 21 |
| 100 | 0 | |a Caglar, Huguette |e author |9 310503 | |
| 245 | 1 | 3 | |a La psicología escolar |
| 300 | |a 163 p | ||
| 942 | |c BK | ||
| 945 | |d 19910510 00:00:00 | ||
| 260 | |a Ciudad de México |b Fondo de Cultura Económica |c 1985 | ||
| 650 | 0 | |a Psicología del aprendizaje |9 306854 | |
| 583 | |a last modification |c 19910510 00:00:00 |k Rodrigo Vera | ||
| 490 | 0 | |a Breviarios del Fondo del Cultura Económica, 393 | |
| 999 | |c 218922 |d 218920 | ||
| 952 | |0 0 |1 0 |4 0 |6 370_150000000000000_CAG_1985 |7 0 |8 A |9 209260 |a BIBEDU |b BIBEDU |d 2019-11-15 |i 2770741 |o 370.15 CAG 1985 |p 2770741 |r 2019-11-15 |w 2019-11-15 |y BK |k EDU | ||